LEADER 04604oam 2200697Ia 450 001 9910777503803321 005 20190503073338.0 010 $a0-262-29997-6 010 $a1-282-10090-4 010 $a9786612100901 010 $a0-262-25713-0 010 $a1-4294-6097-0 035 $a(CKB)1000000000467031 035 $a(SSID)ssj0000101167 035 $a(PQKBManifestationID)11111480 035 $a(PQKBTitleCode)TC0000101167 035 $a(PQKBWorkID)10037421 035 $a(PQKB)10379255 035 $a(MiAaPQ)EBC3338554 035 $a(CaBNVSL)mat06267350 035 $a(IDAMS)0b000064818b4338 035 $a(IEEE)6267350 035 $a(OCoLC)86070780$z(OCoLC)290542050$z(OCoLC)614488287$z(OCoLC)648224784$z(OCoLC)722564942$z(OCoLC)728027063$z(OCoLC)815776798$z(OCoLC)961526611$z(OCoLC)962598591$z(OCoLC)988463109$z(OCoLC)991956973$z(OCoLC)992068098$z(OCoLC)1011834316$z(OCoLC)1037925298$z(OCoLC)1038683191$z(OCoLC)1055326292$z(OCoLC)1066417279$z(OCoLC)1081224060 035 $a(OCoLC-P)86070780 035 $a(MaCbMITP)1198 035 $a(Au-PeEL)EBL3338554 035 $a(CaPaEBR)ebr10173610 035 $a(OCoLC)86070780 035 $a(PPN)258397624 035 $a(EXLCZ)991000000000467031 100 $a20070319d2007 uy 0 101 0 $aeng 135 $aurcn||||||||| 181 $ctxt 182 $cc 183 $acr 200 10$aAligning modern business processes and legacy systems $ea component-based perspective /$fWillem-Jan van den Heuvel ; foreword by Michael L. Brodie 210 $aCambridge, Mass. $cMIT Press$d©2007 215 $axxii, 206 p. $cill 225 1 $aCooperative information systems 300 $aBibliographic Level Mode of Issuance: Monograph 311 $a0-262-51346-3 311 $a0-262-22079-2 320 $aIncludes bibliographical references (p. [191]-202) and index. 330 $aDistributed business component computing--the assembling of business components into electronic business processes, which interact via the Internet--caters to a new breed of enterprise systems that are flexible, relatively easy to maintain and upgrade to accommodate new business processes, and relatively simple to integrate with other enterprise systems. Companies with unwieldy, large, and heterogeneous inherited information systems--known as legacy systems--find it extremely difficult to align their old systems with novel business processes. Legacy systems are not only tightly intertwined with existing business processes and procedures but also have a brittle architecture after years of ad-hoc fixes and offer limited openness to other systems. In this book, Willem-Jan van den Heuvel provides a methodological framework that offers pragmatic techniques for aligning component-based business processes and legacy systems. Van den Heuvel's methodology is based on three building blocks: reverse engineering, which allows legacy systems to be componentized; forward engineering, which derives a set of business components from requirements of the new business processes; and alignment of new business processes and componentized legacy systems. Van den Heuvel provides a theoretical foundation for these, with chapters that discuss component-based development, introduce a case study that is used throughout the book to illustrate the methodology, and assess methods and technologies for legacy integration, component adaptation, and process alignment. He describes the methodological framework itself and its techniques to align new business processes with legacy systems by adopting a meet-in-the-middle strategy. Drawing on topics from a wide range of disciplines, including component-based development, distributed computing, business process modeling, and others, Aligning Modern Business Processes and Legacy Systems offers theoretically grounded practical methodology that has been explored and tested in a variety of experiments as well as some real-world projects. 410 0$aCooperative information systems 606 $aManagement information systems 606 $aInformation technology 606 $aReengineering (Management) 610 $aINFORMATION SCIENCE/Technology & Policy 615 0$aManagement information systems. 615 0$aInformation technology. 615 0$aReengineering (Management) 676 $a658.4/038011 700 $aHeuvel$b Willem-Jan van den$01524616 801 0$bOCoLC-P 801 1$bOCoLC-P 906 $aBOOK 912 $a9910777503803321 996 $aAligning modern business processes and legacy systems$93765587 997 $aUNINA LEADER 02222nam0 2200493 i 450 001 LO11088700 005 20251003044214.0 010 $a8842492329 020 $aIT$b2007-9492 100 $a20061109d2006 ||||0itac50 ba 101 | $aita 102 $ait 181 1$6z01$ai $bxxxe 182 1$6z01$an 200 1 $aˆL'‰organizzazione sociale del lavoro$elo statuto sociale del lavoro e le sue trasformazioni$fVando Borghi, Roberto Rizza 210 $a[Milano]$cB. Mondadori $d[2006] 215 $aXV, 186 p.$d21 cm. 225 | $aSintesi 410 0$1001VIA0057660$12001 $aSintesi 606 $aOrganizzazione del lavoro$xSociologia$2FIR$3CFIC002941$9E 606 $aWelfare state$2FIR$3CFIC006342$9E 606 $aLavoro$2FIR$3CFIC008759$9E 606 $aRapporti di lavoro$xFlessibilità$2FIR$3CFIC125189$9E 676 $a331.12$9ECONOMIA DEL LAVORO. Mercato del lavoro$v14 676 $a331.125$9MERCATO DEL LAVORO. MANODOPERA OCCUPATA$v21 696 $aOrganizzazione scientifica del lavoro$aAspetti sociali$aAspetti socio-culturali 696 $aStato assistenziale$aStato sociale 696 $aRapporti d'impiego 699 $aOrganizzazione del lavoro$yOrganizzazione scientifica del lavoro 699 $aSociologia$zAspetti sociali 699 $aSociologia$zAspetti socio-culturali 699 $aWelfare state$yStato assistenziale 699 $aWelfare state$yStato sociale 699 $aRapporti di lavoro$zRapporti d'impiego 700 1$aBorghi$b, Vando$3UBOV047836$4070$0128514 701 1$aRizza$b, Roberto$3UBOV133531$4070$0126396 801 3$aIT$bIT-000000$c20061109 850 $aIT-BN0095 901 $bNAP 01$cPOZZO LIB.$nVi sono collocati fondi di economia, periodici di ingegneria e scienze, periodici di economia e statistica e altri fondi comprendenti documenti di economia pervenuti in dono. 912 $aLO11088700 950 0$aBiblioteca Centralizzata di Ateneo$c1 v.$d 01POZZO LIB.ECON MON 1974$e 0101 0000206615E VMA 1 v. (Precedente collocazione: DASES A 277)$fB $h20091221$i20091221 977 $a 01 996 $aOrganizzazione sociale del lavoro$964432 997 $aUNISANNIO